Inovačné stratégie súčasnosti

Pojem inovácia. Sila inovácií a inovačných zmien. Revitalizácia zlepšovateľstva. Zmena k postojom zmeny. Vlnový charakter inovačných zmien. Uvážlivosť v prístupe k inovačným zmenám. Vývinový oblúk smerovania inovačných prúdov. Znalosti ako scenár budúcnosti.

Gespeichert in:
Bibliographische Detailangaben
1. Verfasser: Tuma, Miroslav
Format: Buchkapitel
Sprache:Slowakisch
Schlagworte:
Tags: Tag hinzufügen
Keine Tags, Fügen Sie das erste Tag hinzu!

MARC

LEADER 00000naa a2200000 4500
001 r048591
005 20230529124314.3
041 0 |a slo 
044 |a SK 
245 1 0 |a Inovačné stratégie súčasnosti  |c Miroslav Tuma 
520 |a Pojem inovácia. Sila inovácií a inovačných zmien. Revitalizácia zlepšovateľstva. Zmena k postojom zmeny. Vlnový charakter inovačných zmien. Uvážlivosť v prístupe k inovačným zmenám. Vývinový oblúk smerovania inovačných prúdov. Znalosti ako scenár budúcnosti. 
610 2 0 |a stratégia inovačná 
610 2 0 |a inovácia 
610 2 0 |a pojmy 
610 2 0 |a vedomosti 
610 2 0 |a zlepšovateľstvo 
610 2 0 |a technológie nové 
100 1 |a Tuma, Miroslav